Daty historyczne - Statystyki

Ogólne statystyki
  • Ten quiz został rozwiązany 309 razy
  • Średni wynik to 11 z 15
Statystyki odpowiedzi
Wydarzenie Rok % Poprawnych
Bitwa pod grunwaldem 1410
99%
Zjazd gnieźnieński 1000
95%
Wojna na Ukrainie 2022
90%
Bitwa Warszawska "Cud nad Wisłą" 1920
89%
Rozpad ZSRR 1991
86%
Operacja Barbarossa 1941
78%
Przewrót Majowy 1926
70%
Poznański Czerwiec 1956
69%
Początek Powstania Wielkopolskiego 1918
67%
Operacja Market Garden 1944
66%
Upadek cesarstwa zachodniorzymskiego umowny koniec średniowiecza 476
65%
Konfederacja Targowicka 1792
58%
Uchwalenie konstytucji "Nihil novi" 1505
52%
Pierwsze igrzyska olimpijskie w rok p.n.e 776
36%
Bahrajn "Dzień gniewu" 2011
33%
Nie znaleziono quizów pasujących do podanych kryteriów
Rozkład punktacji
Procent ludzi z każdym wynikiem
Percentyl według liczby udzielonych odpowiedzi
Twoja historia wyników
Nie rozwiązałeś tego quizu